[Event "41st World U20 ch"]
[Site "Panaji IND"]
[Date "2002.12.12"]
[Round "5.17"]
[White "Bar, Roman"]
[Black "Rohit, Gogineni"]
[Result "1/2-1/2"]
[WhiteElo "2413"]
[BlackElo "2319"]
[EventDate "2002.12.09"]
[PlyCount "38"]

1.e4 c5 2.Nf3 d6 3.d4 cxd4 4.Nxd4 Nf6 5.Nc3 Nc6 6.Bg5 e6 7.Qd2 a6 8.O-O-O 
h6 9.Be3 Bd7 10.f3 b5 11.Nxc6 Bxc6 12.g4 Rc8 13.Bd3 d5 14.e5 d4 15.Bxd4 
Qxd4 16.exf6 gxf6 17.Ne4 Be7 18.Kb1 Kf8 19.h4 Bd5 1/2-1/2

[Event "41st World U20 ch"]
[Site "Panaji IND"]
[Date "2002.12.12"]
[Round "5.18"]
[White "Poobesh Anand, Selvaraj"]
[Black "Kidambi, Sundararajan"]
[Result "1/2-1/2"]
[WhiteElo "2351"]
[BlackElo "2408"]
[EventDate "2002.12.09"]
[PlyCount "35"]

1.d4 Nf6 2.c4 e6 3.Nc3 Bb4 4.e3 O-O 5.Bd3 c5 6.Nf3 d5 7.O-O cxd4 8.exd4 
dxc4 9.Bxc4 Nbd7 10.Bg5 h6 11.Bh4 Qa5 12.Rc1 Bxc3 13.bxc3 b6 14.Re1 Bb7 
15.Ne5 Rac8 16.Qb3 Bd5 17.Bxd5 exd5 18.Nxd7 1/2-1/2

[Event "41st World U20 ch"]
[Site "Panaji IND"]
[Date "2002.12.12"]
[Round "5.19"]
[White "Timofeev, Artiom"]
[Black "Phoobalan, P."]
[Result "1-0"]
[WhiteElo "2558"]
[BlackElo "2227"]
[EventDate "2002.12.09"]
[PlyCount "35"]

1.e4 e5 2.Nf3 Nf6 3.Nxe5 Qe7 4.d4 d6 5.Nf3 Qxe4+ 6.Be2 Be7 7.O-O O-O 8.c4 
Re8 9.Nc3 Qf5 10.Bd3 Qh5 11.h3 c6 12.Re1 Na6 13.Bg5 Nb4 14.Bxf6 gxf6 15.
Ne4 Be6 16.Ng3 Qa5 17.Qd2 Qb6 18.Qh6 1-0

[Event "41st World U20 ch"]
[Site "Panaji IND"]
[Date "2002.12.12"]
[Round "5.20"]
[White "Jeremic, Veljko"]
[Black "Eriksson, Jonas"]
[Result "1-0"]
[WhiteElo "2487"]
[BlackElo "2278"]
[EventDate "2002.12.09"]
[PlyCount "83"]

1.d4 d6 2.e4 Nf6 3.f3 Nbd7 4.c4 e5 5.Ne2 Be7 6.Nbc3 O-O 7.Be3 c6 8.d5 c5 
9.g4 Ne8 10.Qd2 a6 11.Ng3 Bh4 12.Bd3 Nc7 13.a4 Re8 14.Ke2 g6 15.Bh6 Rb8 
16.a5 b5 17.axb6 Rxb6 18.Nd1 Rb4 19.Ne3 Bg5 20.Bxg5 Qxg5 21.h4 Qf4 22.Rag1
Nb6 23.Qc2 Bd7 24.Kf2 Qf6 25.g5 Qd8 26.h5 Qb8 27.b3 a5 28.Kf1 Re7 29.hxg6 
fxg6 30.Ngf5 Bxf5 31.exf5 e4 32.Bxe4 a4 33.bxa4 Nxa4 34.f6 Rxe4 35.Qxe4 
Rb1+ 36.Kg2 Rb2+ 37.Kh3 Qc8+ 38.Ng4 Rb3 39.Kg3 Nc3 40.Qe7 Ne2+ 41.Kh4 Qf5 
42.f7+ 1-0

[Event "41st World U20 ch"]
[Site "Panaji IND"]
[Date "2002.12.12"]
[Round "5.21"]
[White "Jirka, Jiri"]
[Black "Dutta, Sayantan"]
[Result "1-0"]
[WhiteElo "2378"]
[BlackElo "2275"]
[EventDate "2002.12.09"]
[PlyCount "111"]

1.d4 Nf6 2.c4 g6 3.g3 Bg7 4.Bg2 d5 5.cxd5 Nxd5 6.e4 Nb6 7.Ne2 c5 8.d5 e6 
9.O-O O-O 10.Nec3 exd5 11.exd5 Bf5 12.g4 Bd7 13.Nd2 Na6 14.Nde4 Nc4 15.h3 
f5 16.Ng5 Nxb2 17.Qb3 Nd3 18.Bd2 Qb6 19.Ne6 fxg4 20.Nxf8 Rxf8 21.hxg4 Bd4 
22.Ne4 Qxb3 23.axb3 Bxa1 24.Rxa1 Bxg4 25.Bc3 Nf4 26.Nf6+ Rxf6 27.Bxf6 Nxg2
28.Kxg2 Kf7 29.Bg5 h6 30.Bxh6 Ke7 31.Bf4 Kd7 32.Kg3 Bf5 33.Rh1 g5 34.Bxg5 
Nb4 35.Be3 b6 36.Rh5 Bc2 37.Bf4 a5 38.d6 Nc6 39.Rg5 Bxb3 40.Rg7+ Ke6 41.
Rc7 Ba4 42.d7 Nd8 43.Bg5 Bxd7 44.Bxd8 a4 45.f4 Kd6 46.Rxd7+ Kxd7 47.Bxb6 
Kc6 48.Ba5 Kb5 49.f5 Kxa5 50.f6 a3 51.f7 a2 52.f8=Q Kb4 53.Qf1 Kb3 54.Qc1 
c4 55.Kf3 c3 56.Ke2 1-0

[Event "41st World U20 ch"]
[Site "Panaji IND"]
[Date "2002.12.12"]
[Round "5.22"]
[White "Simutowe, Amon"]
[Black "Singh, Rishipal"]
[Result "1-0"]
[WhiteElo "2383"]
[BlackElo "2252"]
[EventDate "2002.12.09"]
[PlyCount "59"]

1.d4 c5 2.Nf3 cxd4 3.Nxd4 d5 4.g3 e5 5.Nb3 Nc6 6.Bg2 Be6 7.O-O f5 8.Nc3 d4
9.Nb1 Be7 10.e3 dxe3 11.Bxe3 Qxd1 12.Rxd1 Nf6 13.Nc5 Bxc5 14.Bxc5 e4 15.
Nc3 Kf7 16.Nb5 b6 17.Ba3 Rad8 18.b3 Nd5 19.c4 Ndb4 20.Nxa7 Rxd1+ 21.Rxd1 
Ra8 22.Nb5 Nxa2 23.Rd6 Nab4 24.Kf1 Ra5 25.f3 Ne5 26.Bxb4 Ra1+ 27.Ke2 Nxc4 
28.bxc4 Bxc4+ 29.Ke3 Bxb5 30.Rxb6 1-0

[Event "41st World U20 ch"]
[Site "Panaji IND"]
[Date "2002.12.12"]
[Round "5.23"]
[White "Vioreanu, Bogdan"]
[Black "Akshayraj, Kore"]
[Result "1-0"]
[WhiteElo "2379"]
[BlackElo "2167"]
[EventDate "2002.12.09"]
[PlyCount "65"]

1.d4 Nf6 2.c4 g6 3.Nc3 Bg7 4.e4 d6 5.Be2 O-O 6.Bg5 h6 7.Be3 e5 8.d5 Na6 9.
h4 h5 10.f3 Nh7 11.g4 hxg4 12.fxg4 f5 13.g5 f4 14.Bf2 c5 15.Nf3 Nc7 16.Qc2
a6 17.O-O-O b5 18.h5 gxh5 19.Rxh5 Re8 20.Rg1 bxc4 21.a4 Re7 22.Nh4 Ne8 23.
Nf5 Rb7 24.Bxc4 Nf8 25.Nh6+ Bxh6 26.gxh6+ Kh8 27.Bh4 Nf6 28.Qg2 N8h7 29.
Bxf6+ Nxf6 30.Qg7+ Rxg7 31.hxg7+ Kg8 32.Rh8+ Kf7 33.Rxd8 1-0

[Event "41st World U20 ch"]
[Site "Panaji IND"]
[Date "2002.12.12"]
[Round "5.24"]
[White "Ravichandran, Siddharth"]
[Black "Roy Chowdhury, Saptarshi"]
[Result "1/2-1/2"]
[WhiteElo "2223"]
[BlackElo "2376"]
[EventDate "2002.12.09"]
[PlyCount "106"]

1.e4 c5 2.Nf3 Nc6 3.Bb5 e6 4.O-O Nge7 5.c3 a6 6.Ba4 b5 7.Bc2 d6 8.a3 e5 9.
h3 Qb6 10.d3 g6 11.Be3 Bg7 12.b4 O-O 13.Nbd2 Nd8 14.Nb3 Ne6 15.d4 cxd4 16.
cxd4 Qb8 17.Rc1 Rd8 18.d5 Nf8 19.Na5 h6 20.Ne1 f5 21.exf5 Bxf5 22.Bxf5 
gxf5 23.f4 e4 24.Rf2 Rd7 25.Nc2 Qe8 26.Bd4 Bxd4 27.Qxd4 Rc8 28.Rd1 Qf7 29.
g4 Nfg6 30.Ne3 Nh4 31.Nc6 Nxc6 32.dxc6 Rxc6 33.gxf5 Nf3+ 34.Rxf3 exf3 35.
Kf2 d5 36.Nxd5 Rdd6 37.Qe5 Kh7 38.f6 Rc2+ 39.Kxf3 Rcc6 40.Qe7 Rd7 41.Qxf7+
Rxf7 42.Ke4 Re6+ 43.Kf5 Rd6 44.Ke5 Rfd7 45.f5 Rd8 46.h4 h5 47.Rd3 Kh8 48.
Rd1 R6d7 49.Ke6 Rd6+ 50.Ke5 R6d7 51.Ke6 Rd6+ 52.Ke5 R6d7 53.Ke6 Rd6+ 
1/2-1/2

[Event "41st World U20 ch"]
[Site "Panaji IND"]
[Date "2002.12.12"]
[Round "5.25"]
[White "Asauskas, Henrikas"]
[Black "Arjun Tiwari, Deepak"]
[Result "1-0"]
[WhiteElo "2331"]
[BlackElo "2154"]
[EventDate "2002.12.09"]
[PlyCount "134"]

1.e4 c5 2.Nf3 Nc6 3.Nc3 e5 4.Bc4 d6 5.d3 h6 6.Nd2 g6 7.Nf1 Nf6 8.Ne3 Bg7 
9.O-O O-O 10.a3 Be6 11.Ncd5 Bxd5 12.Nxd5 Nxd5 13.Bxd5 Qd7 14.Be3 Kh7 15.c3
Ne7 16.Ba2 f5 17.f3 b6 18.b4 Rad8 19.Qb1 Qc8 20.bxc5 dxc5 21.Bc4 f4 22.Bf2
g5 23.a4 Nc6 24.Qb5 Na5 25.Bd5 Rd6 26.Rad1 a6 27.Qb1 g4 28.Be1 Rg6 29.Kh1 
gxf3 30.Rxf3 c4 31.d4 exd4 32.cxd4 Qg4 33.Qc2 Nb3 34.Bc3 b5 35.axb5 axb5 
36.e5 Kh8 37.Be4 Rg5 38.Qf2 Rd8 39.Rf1 b4 40.Rxf4 Qd7 41.Rf7 Qg4 42.Rf4 
Qd7 43.Bxb4 Qxd4 44.Be7 Qxf2 45.R4xf2 Rxe5 46.Bxd8 Rxe4 47.Bf6 Bxf6 48.
Rxf6 Kg7 49.R6f4 Rxf4 50.Rxf4 Nd2 51.Rf5 c3 52.Rc5 Ne4 53.Rc4 Nf2+ 54.Kg1 
Nd1 55.Rc6 h5 56.Kf1 Ne3+ 57.Kf2 Nd5 58.Rc5 Nf6 59.Kf3 h4 60.Rxc3 h3 61.g3
Kg6 62.Rc5 Nd7 63.Ra5 Nf6 64.Ra6 Kf5 65.Rxf6+ Kxf6 66.Kg4 Kg6 67.Kxh3 Kh5 
1-0

[Event "41st World U20 ch"]
[Site "Panaji IND"]
[Date "2002.12.12"]
[Round "5.26"]
[White "Geirnaert, Steven"]
[Black "Das, Arghyadip"]
[Result "1-0"]
[WhiteElo "2277"]
[BlackElo "2324"]
[EventDate "2002.12.09"]
[PlyCount "51"]

1.e4 c5 2.Nf3 d6 3.d4 cxd4 4.Nxd4 Nf6 5.Nc3 a6 6.f4 e5 7.Nf3 Nbd7 8.Bd3 
Be7 9.O-O O-O 10.Kh1 b5 11.fxe5 dxe5 12.a3 Bb7 13.Qe1 Re8 14.Bg5 h6 15.Bd2
Nh5 16.Rd1 Bf6 17.Qf2 Rc8 18.Nh4 Nf4 19.Nf5 Nxd3 20.cxd3 Re6 21.Nd5 Bg5 
22.Nxg7 Bxd5 23.Qxf7+ Kh8 24.Nxe6 Bxe6 25.Qxe6 Rc2 26.Bc3 1-0

[Event "41st World U20 ch"]
[Site "Panaji IND"]
[Date "2002.12.12"]
[Round "5.27"]
[White "Li Qun"]
[Black "Lim Yee Weng"]
[Result "1-0"]
[WhiteElo "2320"]
[BlackElo "2202"]
[EventDate "2002.12.09"]
[PlyCount "107"]

1.e4 d5 2.Nc3 dxe4 3.Nxe4 Qd5 4.d3 Bf5 5.Ne2 Nc6 6.N4g3 Bg6 7.Nf4 Qd6 8.
Be2 Nd4 9.Bf3 O-O-O 10.Be3 e5 11.Bxd4 exd4 12.Qd2 Re8+ 13.Nge2 Nf6 14.O-O 
Bf5 15.Qa5 Qc5 16.Qa4 Bd6 17.Qxd4 Qxd4 18.Nxd4 Bg4 19.Bxg4+ Nxg4 20.g3 Be5
21.Nb5 c6 22.Nc3 Bxf4 23.gxf4 f5 24.Rae1 Nf6 25.Kg2 Kd7 26.Re3 Ng4 27.Rg3 
g6 28.h3 Nf6 29.Re3 Re6 30.Rfe1 Rhe8 31.Kf3 a6 32.Na4 Rxe3+ 33.fxe3 Nh5 
34.Nc5+ Kc8 35.e4 b6 36.Nxa6 c5 37.b4 Kb7 38.b5 Ng7 39.Re3 Rd8 40.a4 Rd4 
41.a5 bxa5 42.Nxc5+ Kb6 43.Nb3 Rb4 44.exf5 Nxf5 45.Re6+ Kxb5 46.Re5+ Kb6 
47.Nxa5 Nd4+ 48.Kg4 h5+ 49.Kg3 Nxc2 50.Nc4+ Kc7 51.Re7+ Kd8 52.Re6 Rb3 53.
Ne5 Ne1 54.Nf7+ 1-0

[Event "41st World U20 ch"]
[Site "Panaji IND"]
[Date "2002.12.12"]
[Round "5.28"]
[White "Soumya, Ranjan Mishra"]
[Black "Sharma, R. Preetham"]
[Result "0-1"]
[WhiteElo "2207"]
[BlackElo "2311"]
[EventDate "2002.12.09"]
[PlyCount "112"]

1.e4 c5 2.Nf3 d6 3.Bb5+ Bd7 4.Bxd7+ Qxd7 5.c4 Nc6 6.d4 cxd4 7.Nxd4 g6 8.
Nc3 Bg7 9.Nde2 Nf6 10.f3 O-O 11.O-O Rac8 12.Be3 Qd8 13.Qd2 Qa5 14.b3 Rfd8 
15.Rad1 Nb4 16.Nd4 e6 17.Kh1 a6 18.Bg5 Rd7 19.a3 Nc6 20.Nxc6 Rxc6 21.Bxf6 
Bxf6 22.Nd5 Qd8 23.Nxf6+ Qxf6 24.f4 Qe7 25.f5 Rc5 26.f6 Qf8 27.Rf3 h6 28.
Rd3 g5 29.h4 gxh4 30.Qf4 Rg5 31.Qxh4 Kh7 32.Rh3 Rg6 33.Rdd3 Qd8 34.Rdf3 
Rc7 35.Rhg3 Rc5 36.Rxg6 Kxg6 37.Rh3 Qf8 38.Qf4 Rg5 39.Rd3 Qd8 40.e5 Rh5+ 
41.Rh3 dxe5 42.Qe4+ Kxf6 43.Qf3+ Rf5 44.Rxh6+ Kg7 45.Qh3 Qg5 46.Rh7+ Kf8 
47.Rh8+ Ke7 48.Qd3 Qc1+ 49.Kh2 Qf4+ 50.Kg1 Qd4+ 51.Qxd4 exd4 52.Rb8 d3 53.
Rxb7+ Kd8 54.Rb6 Kc7 55.c5 d2 56.Rd6 Rd5 0-1

[Event "41st World U20 ch"]
[Site "Panaji IND"]
[Date "2002.12.12"]
[Round "5.29"]
[White "Pratik Shriwas, R."]
[Black "Russell, Majwuana Kankanamge Athula"]
[Result "0-1"]
[WhiteElo "2148"]
[BlackElo "2243"]
[EventDate "2002.12.09"]
[PlyCount "94"]

1.Nf3 c5 2.b3 Nf6 3.Bb2 Nc6 4.c4 e6 5.e3 Be7 6.Be2 O-O 7.O-O d5 8.cxd5 
exd5 9.d4 b6 10.Nc3 Be6 11.Rc1 Ne4 12.Bb5 Nxc3 13.Bxc3 Nb4 14.Bxb4 cxb4 
15.Ne5 Bd6 16.Bd3 f6 17.Qh5 f5 18.f4 Bxe5 19.dxe5 Rc8 20.Ba6 Rc3 21.Rxc3 
bxc3 22.Qe2 g5 23.Qd3 Qc7 24.Rc1 gxf4 25.Qxc3 Qxc3 26.Rxc3 fxe3 27.Rxe3 f4
28.Re1 f3 29.Rf1 fxg2 30.Rxf8+ Kxf8 31.Kxg2 Bf5 32.Kf3 d4 33.Ke2 Ke7 34.
Bd3 Ke6 35.Ba6 Kxe5 36.Bb7 Be4 37.Bc8 Kf4 38.Be6 Ke5 39.Bc8 Kd5 40.b4 a5 
41.a3 Ke5 42.Ba6 Bc6 43.Bd3 h6 44.bxa5 bxa5 45.Ba6 Be4 46.Bc8 Bc6 47.Ba6 
Kf4 0-1

[Event "41st World U20 ch"]
[Site "Panaji IND"]
[Date "2002.12.12"]
[Round "5.30"]
[White "Sprenger, Wendelin"]
[Black "Paragua, Mark"]
[Result "0-1"]
[WhiteElo "2174"]
[BlackElo "2476"]
[EventDate "2002.12.09"]
[PlyCount "42"]

1.e4 c5 2.Nf3 e6 3.d4 cxd4 4.Nxd4 a6 5.Bd3 Nf6 6.O-O Qc7 7.Nd2 Bc5 8.N2b3 
Ba7 9.Be3 Nc6 10.f4 Nxd4 11.Nxd4 d6 12.Qf3 O-O 13.g4 e5 14.Nf5 Bxf5 15.
gxf5 Bxe3+ 16.Qxe3 Rfe8 17.Kh1 d5 18.Rae1 exf4 19.Rxf4 dxe4 20.Rxe4 Rxe4 
21.Bxe4 Re8 0-1

[Event "41st World U20 ch"]
[Site "Panaji IND"]
[Date "2002.12.12"]
[Round "5.31"]
[White "Kamble, Vikramaditya"]
[Black "Gopal, Geetha Narayanan"]
[Result "1/2-1/2"]
[WhiteElo "2317"]
[BlackElo "2174"]
[EventDate "2002.12.09"]
[PlyCount "140"]

1.e4 c5 2.Nf3 Nc6 3.d4 cxd4 4.Nxd4 Nf6 5.Nc3 e5 6.Ndb5 d6 7.a4 a6 8.Na3 
Be7 9.Bg5 Bg4 10.Qd2 h6 11.Bxf6 Bxf6 12.Be2 Be6 13.Bc4 Rc8 14.Bd5 O-O 15.
O-O Kh8 16.Nc4 Nd4 17.Qd3 b5 18.axb5 axb5 19.Ne3 Bd7 20.Ne2 Ne6 21.Bxe6 
Bxe6 22.Ra6 Bg5 23.f4 exf4 24.Nxf4 Bxf4 25.Rxf4 Qg5 26.Rf2 Rfd8 27.Rb6 Rc5
28.Rf3 Qe5 29.c3 g6 30.Qd4 Kg8 31.Rf1 Qg5 32.Rf3 Re5 33.Rg3 Qf4 34.Rxd6 
Rxd6 35.Qxd6 Qxe4 36.h3 h5 37.Qd4 Qb1+ 38.Kh2 Re4 39.Qd8+ Kh7 40.Nd5 Bxd5 
41.Qxd5 Rf4 42.Rf3 Rxf3 43.Qxf3 Qxb2 44.Qxf7+ Kh6 45.Qf6 Kh7 46.Kg3 Qe2 
47.Qf7+ Kh6 48.Qf3 Qe1+ 49.Kh2 Qe5+ 50.Qg3 Qc5 51.Qf4+ Kg7 52.Kg3 g5 53.
Qd2 Kg6 54.Qd3+ Kf6 55.Qd8+ Kg6 56.Qg8+ Kf6 57.Qd8+ Kf5 58.Qd3+ Kf6 59.Kf3
Qf5+ 60.Qxf5+ Kxf5 61.g4+ hxg4+ 62.hxg4+ Ke5 63.Ke3 Kd5 64.Kd3 Ke5 65.Ke3 
Kd5 66.Kd3 Ke5 67.Ke3 Kd5 68.Kd3 Kc5 69.Kd2 Kc4 70.Kc2 Kd5 1/2-1/2

[Event "41st World U20 ch"]
[Site "Panaji IND"]
[Date "2002.12.12"]
[Round "5.32"]
[White "Poliakov, Dmitry"]
[Black "Byomakesh, Nayak"]
[Result "1-0"]
[WhiteElo "2290"]
[BlackElo "2136"]
[EventDate "2002.12.09"]
[PlyCount "63"]

1.d4 Nf6 2.Nf3 e6 3.c4 Bb4+ 4.Bd2 Bxd2+ 5.Nbxd2 d5 6.e3 O-O 7.Rc1 c6 8.Bd3
Nbd7 9.O-O Qe7 10.e4 dxe4 11.Nxe4 Nxe4 12.Bxe4 Nf6 13.Re1 Nxe4 14.Rxe4 c5 
15.Rc2 b6 16.d5 Rd8 17.Qe2 Bb7 18.Re3 Rd6 19.Rd2 Rad8 20.dxe6 f6 21.Rxd6 
Rxd6 22.Nh4 g6 23.Qg4 Kf8 24.f4 f5 25.Nxf5 gxf5 26.Qxf5+ Ke8 27.h3 Kd8 28.
Qe5 h5 29.f5 Rd1+ 30.Kf2 Qh4+ 31.g3 Rd2+ 32.Ke1 1-0

[Event "41st World U20 ch"]
[Site "Panaji IND"]
[Date "2002.12.12"]
[Round "5.34"]
[White "Jagadish, H. D."]
[Black "Kjartansson, David"]
[Result "0-1"]
[WhiteElo "2130"]
[BlackElo "2224"]
[EventDate "2002.12.09"]
[PlyCount "130"]

1.e4 e6 2.d4 d5 3.Nd2 Be7 4.Bd3 dxe4 5.Nxe4 Nf6 6.Nf3 h6 7.O-O Nbd7 8.Ng3 
O-O 9.Ne5 c5 10.c3 cxd4 11.cxd4 Nb6 12.Be3 Nbd5 13.Nh5 Nxh5 14.Qxh5 Bg5 
15.h4 Bf4 16.Rae1 Bd7 17.g3 Nxe3 18.fxe3 Bxe5 19.Qxe5 Bc6 20.Be4 Rc8 21.
Rc1 Qd7 22.Rc2 Bxe4 23.Qxe4 Rxc2 24.Qxc2 Rc8 25.Qf2 f6 26.Re1 Qd5 27.b3 
Qe4 28.Qf4 Qd3 29.Qd6 Qe4 30.Qf4 Qd5 31.Qf2 f5 32.Re2 Rc1+ 33.Re1 Rc3 34.
Qg2 Qxg2+ 35.Kxg2 Rc2+ 36.Kf3 Rxa2 37.Rc1 Rb2 38.Rc3 b5 39.Kf4 b4 40.Rc7 
a5 41.Ra7 Rxb3 42.Rxa5 Kf7 43.Ra8 Kf6 44.Rf8+ Ke7 45.Rb8 g5+ 46.hxg5 hxg5+
47.Kxg5 Rxe3 48.Rxb4 Rxg3+ 49.Kf4 Rg4+ 50.Ke3 Re4+ 51.Kd3 Kf6 52.Rb6 Kg5 
53.Rb8 Kf4 54.Rb1 Re3+ 55.Kc4 Ke4 56.Rb6 Kf3 57.d5 exd5+ 58.Kxd5 f4 59.Kd4
Re8 60.Rd6 Kf2 61.Kd3 f3 62.Kd2 Kf1 63.Rd7 f2 64.Rd6 Rg8 65.Ke3 Kg1 0-1

[Event "41st World U20 ch"]
[Site "Panaji IND"]
[Date "2002.12.12"]
[Round "5.35"]
[White "Naveen, R."]
[Black "Sangma, Rahul"]
[Result "0-1"]
[WhiteElo "2099"]
[BlackElo "2214"]
[EventDate "2002.12.09"]
[PlyCount "104"]

1.b3 b6 2.Bb2 Bb7 3.e3 e6 4.Nf3 Nf6 5.Be2 Be7 6.O-O O-O 7.c4 d5 8.d4 c5 9.
Nbd2 Ne4 10.Ne1 cxd4 11.Nxe4 dxe4 12.Qxd4 Bf6 13.Qxd8 Rxd8 14.Bxf6 gxf6 
15.Rd1 Rxd1 16.Bxd1 Na6 17.f3 Rd8 18.Bc2 Nb4 19.Rf2 a5 20.a3 Na6 21.fxe4 
Nc5 22.e5 fxe5 23.Nf3 Bxf3 24.gxf3 f5 25.Kf1 Kf7 26.e4 f4 27.Rg2 Kf6 28.
Ke2 Na6 29.Ke1 Nb8 30.Rd2 Rd4 31.Rd1 Nc6 32.Kf2 a4 33.b4 Rxc4 34.Bxa4 Nd4 
35.Rd3 Rc1 36.Bd1 Ra1 37.a4 h5 38.b5 h4 39.Kg2 Kg5 40.Rd2 Ra3 41.Kf2 h3 
42.Rb2 Ra1 43.Rd2 Kf6 44.Rd3 Ke7 45.Ke1 Kd8 46.Kf1 Ra2 47.Kg1 Ke7 48.Kh1 
Ra1 49.Kg1 Kd6 50.Kf2 Kc5 51.Rd2 Kb4 52.Be2 Rh1 0-1

[Event "41st World U20 ch"]
[Site "Panaji IND"]
[Date "2002.12.12"]
[Round "5.36"]
[White "Cruz, Wilson"]
[Black "Leong Chee Ming, Luke"]
[Result "0-1"]
[WhiteElo "2021"]
[BlackElo "2297"]
[EventDate "2002.12.09"]
[PlyCount "62"]

1.e4 c6 2.d4 d5 3.Nd2 dxe4 4.Nxe4 Nd7 5.Ng5 Ngf6 6.Bd3 e6 7.N1f3 Bd6 8.Qe2
h6 9.Ne4 Nxe4 10.Qxe4 Nf6 11.Qh4 Ke7 12.Ne5 c5 13.Ng4 b5 14.Nxf6 gxf6 15.
dxc5 Bxc5 16.Bd2 Qd5 17.O-O-O Rb8 18.Be4 Qxa2 19.Bc3 e5 20.Bxe5 Rb6 21.
Rhe1 Qa1+ 22.Kd2 Bb4+ 23.c3 Qxb2+ 24.Bc2 Rd8+ 25.Bd4+ Re6 26.Qxf6+ Ke8 27.
Qh8+ Kd7 28.Rxe6 Rxh8 29.Ree1 Rd8 30.Rb1 Bxc3+ 31.Kd1 Bxd4 0-1

[Event "41st World U20 ch"]
[Site "Panaji IND"]
[Date "2002.12.12"]
[Round "5.37"]
[White "Macak, Stefan"]
[Black "Himanshu, Kumar"]
[Result "1-0"]
[WhiteElo "2246"]
[BlackElo "2072"]
[EventDate "2002.12.09"]
[PlyCount "95"]

1.e4 c5 2.Nf3 e6 3.d4 cxd4 4.Nxd4 Nc6 5.Nc3 a6 6.Be3 Qc7 7.Be2 b5 8.a3 Bb7
9.O-O Nf6 10.Nb3 Ne5 11.f4 Nc4 12.Bxc4 Qxc4 13.Na5 Qc7 14.Nxb7 Qxb7 15.Qd3
d6 16.Bd4 Be7 17.e5 dxe5 18.fxe5 Nd5 19.Qf3 O-O 20.Ne4 Qc7 21.Qg4 g6 22.c3
Rac8 23.Rf3 Qc6 24.Raf1 a5 25.Nf6+ Nxf6 26.exf6 Bd6 27.Qh4 Rfd8 28.Rh3 h5 
29.Qg5 Qd5 30.Rxh5 Qxg5 31.Rxg5 b4 32.Rxa5 bxa3 33.bxa3 Ra8 34.Rxa8 Rxa8 
35.Ra1 Rxa3 36.Rxa3 Bxa3 37.Be5 Kf8 38.Kf2 Ke8 39.h4 Bc1 40.g4 Kd7 41.Kf3 
Bh6 42.Bf4 Bf8 43.h5 gxh5 44.gxh5 e5 45.h6 exf4 46.h7 Ke6 47.h8=Q Bd6 48.
Ke4 1-0

[Event "41st World U20 ch"]
[Site "Panaji IND"]
[Date "2002.12.12"]
[Round "5.38"]
[White "Vuilleumier, Alexandre"]
[Black "Kafka, Graeme"]
[Result "1/2-1/2"]
[WhiteElo "2193"]
[BlackElo "2108"]
[EventDate "2002.12.09"]
[PlyCount "114"]

1.Nf3 d5 2.g3 Nf6 3.Bg2 Bg4 4.Ne5 Bf5 5.d4 e6 6.O-O Nbd7 7.c4 c6 8.Nc3 
Nxe5 9.dxe5 Nd7 10.cxd5 exd5 11.Bf4 f6 12.exf6 Nxf6 13.e4 dxe4 14.Nxe4 
Qxd1 15.Raxd1 Nxe4 16.Bxe4 Bg4 17.f3 Bc5+ 18.Kg2 Be6 19.Rfe1 Kf7 20.a3 h6 
21.Bg6+ Kf6 22.Bh5 Bd5 23.Be5+ Kg5 24.g4 Rhf8 25.Rxd5 cxd5 26.Kg3 Rxf3+ 
27.Kxf3 Rf8+ 28.Kg2 g6 29.h4+ Kxh4 30.Bxg6 Rf2+ 31.Kh1 Kxg4 32.Rg1+ Kf3 
33.Bd3 Ke3 34.Rg3+ Rf3 35.Rxf3+ Kxf3 36.Bg7 h5 37.Bg6 h4 38.Bf6 Bf2 39.Kh2
d4 40.Kh3 Ke2 41.Kg2 Be3 42.a4 h3+ 43.Kxh3 Kd2 44.Kg2 Kc1 45.b3 Kb2 46.Bf7
Kc2 47.Kf3 Bg1 48.Kg2 Be3 49.Kf3 Bg1 50.Ke4 d3 51.b4 d2 52.Bh5 Kb3 53.Be7 
Kxa4 54.Kd3 a5 55.Kc4 b5+ 56.Kc3 axb4+ 57.Bxb4 Bd4+ 1/2-1/2

[Event "41st World U20 ch"]
[Site "Panaji IND"]
[Date "2002.12.12"]
[Round "5.39"]
[White "Kosmo, Santul"]
[Black "Nikhilesh, Kumar"]
[Result "0-1"]
[WhiteElo "2145"]
[BlackElo "2182"]
[EventDate "2002.12.09"]
[PlyCount "80"]

1.e4 c5 2.Nf3 Nc6 3.d4 cxd4 4.Nxd4 Nf6 5.Nc3 d6 6.Bc4 Qb6 7.Nxc6 bxc6 8.
O-O Nd7 9.b3 e6 10.Bb2 Qc7 11.f4 Be7 12.Qg4 Bf6 13.e5 dxe5 14.Ne4 exf4 15.
Bxf6 gxf6 16.Qg7 Rf8 17.Rad1 Qe5 18.Rfe1 Ke7 19.Ng5 Qc5+ 20.Kh1 fxg5 21.
Bxe6 Kd8 22.Re5 Qa3 23.Bxd7 Bxd7 24.Qf6+ Kc7 25.Re7 Rad8 26.c3 Rfe8 27.
Rxf7 Qc5 28.Qg7 Qd6 29.Rf1 h6 30.Rf6 Re6 31.Rxe6 Qxe6 32.Qd4 Qe3 33.Qb4 
Re8 34.c4 f3 35.Qa5+ Kb7 36.Qb4+ Ka8 37.gxf3 Bh3 38.Qd6 Qxf3+ 39.Rxf3 Re1+
40.Rf1 Rxf1# 0-1

[Event "41st World U20 ch"]
[Site "Panaji IND"]
[Date "2002.12.12"]
[Round "5.40"]
[White "Borchgrevink, Harald"]
[Black "Pranjal, Phukan"]
[Result "1-0"]
[WhiteElo "2174"]
[BlackElo "2059"]
[EventDate "2002.12.09"]
[PlyCount "49"]

1.d4 Nf6 2.c4 e6 3.Nf3 c5 4.Nc3 d5 5.cxd5 Nxd5 6.e4 Nxc3 7.bxc3 cxd4 8.
cxd4 Bb4+ 9.Bd2 Bxd2+ 10.Qxd2 O-O 11.Rb1 Nc6 12.Bb5 Ne7 13.a4 f5 14.exf5 
Rxf5 15.O-O Nc6 16.Bxc6 bxc6 17.Rbc1 Bb7 18.Qe3 Qd6 19.Rfe1 Re8 20.Ne5 Rd8
21.Qb3 Rb8 22.Qc4 Rf6 23.Rb1 Ba8 24.Rxb8+ Qxb8 25.Nd7 1-0

[Event "41st World U20 ch"]
[Site "Panaji IND"]
[Date "2002.12.12"]
[Round "5.41"]
[White "Gurpreet, Singh Maras"]
[Black "Sriram, Sarja"]
[Result "0-1"]
[WhiteElo "2145"]
[BlackElo "2100"]
[EventDate "2002.12.09"]
[PlyCount "50"]

1.e4 c5 2.Nf3 d6 3.d4 cxd4 4.Nxd4 Nf6 5.Nc3 a6 6.Bg5 e6 7.Qd2 Nc6 8.O-O-O 
Nxd4 9.Qxd4 Be7 10.f4 b5 11.Bd3 Bb7 12.Rhe1 h6 13.Bh4 Qc7 14.Kb1 O-O-O 15.
Qa7 d5 16.Bf2 Nxe4 17.Bxe4 dxe4 18.Rxd8+ Rxd8 19.Bb6 Qc6 20.Kc1 f5 21.Bd4 
b4 22.Ne2 Rd5 23.Be5 Rxe5 24.fxe5 Bc5 25.Nd4 Qd5 0-1

[Event "41st World U20 ch"]
[Site "Panaji IND"]
[Date "2002.12.12"]
[Round "5.42"]
[White "Sanchit, Agarwal"]
[Black "Pereira, Edgar"]
[Result "1/2-1/2"]
[WhiteElo "2004"]
[BlackElo "2049"]
[EventDate "2002.12.09"]
[PlyCount "42"]

1.e4 c5 2.c3 b6 3.d4 Bb7 4.e5 Nc6 5.Nf3 Qc7 6.Bf4 cxd4 7.cxd4 Nb4 8.Nc3 e6
9.Rc1 Rc8 10.a3 Na6 11.Qa4 Bxf3 12.Bxa6 Bb7 13.Nb5 Qb8 14.Rxc8+ Qxc8 15.
Bxb7 Qxb7 16.Qxa7 Qe4+ 17.Kd1 Qd3+ 18.Bd2 Qb1+ 19.Ke2 Qe4+ 20.Be3 Qc2+ 21.
Kf3 Qf5+ 1/2-1/2

[Event "41st World U20 ch"]
[Site "Panaji IND"]
[Date "2002.12.12"]
[Round "6.3"]
[White "Inarkiev, Ernesto"]
[Black "Potkin, Vladimir"]
[Result "1/2-1/2"]
[WhiteElo "2556"]
[BlackElo "2495"]
[EventDate "2002.12.09"]
[PlyCount "28"]

1.e4 e6 2.d4 d5 3.Nc3 Bb4 4.e5 Ne7 5.a3 Bxc3+ 6.bxc3 b6 7.h4 Ba6 8.Bxa6 
Nxa6 9.Nh3 Qd7 10.Nf4 O-O-O 11.Nh5 Rhg8 12.Rh3 Nb8 13.a4 Nbc6 14.Kf1 Na5 
1/2-1/2

[Event "41st World U20 ch"]
[Site "Panaji IND"]
[Date "2002.12.12"]
[Round "6.5"]
[White "Yakovenko, Dmitry"]
[Black "Satyapragyan, Swayangsu"]
[Result "1/2-1/2"]
[WhiteElo "2570"]
[BlackElo "2436"]
[EventDate "2002.12.09"]
[PlyCount "96"]

1.e4 c5 2.Nf3 Nc6 3.Bb5 d6 4.O-O Bd7 5.Re1 a6 6.Bf1 g6 7.c3 Bg4 8.h3 Bxf3 
9.Qxf3 Bg7 10.Qd1 Nf6 11.d4 cxd4 12.cxd4 e5 13.d5 Nd4 14.Be3 Nd7 15.Nd2 
O-O 16.Nb3 Qb6 17.Rc1 Rac8 18.Qg4 Rxc1 19.Rxc1 Nc5 20.Nxc5 dxc5 21.Qd7 Bf6
22.b4 Qxb4 23.Qd6 Bg7 24.Qxc5 Qb2 25.Qe7 Nc2 26.Bg5 h6 27.Qc7 hxg5 28.Rxc2
Qb1 29.Re2 Bf6 30.Re3 Kg7 31.a3 Qb2 32.Rf3 Bd8 33.Qd6 Qd4 34.Rb3 Qxe4 35.
Rxb7 a5 36.Rb3 Qd4 37.Qc6 e4 38.Qc4 Qxc4 39.Bxc4 Be7 40.Bb5 Bd6 41.Rc3 Kf6
42.f3 exf3 43.Rxf3+ Ke5 44.Bc6 Bc5+ 45.Kh2 f5 46.Rc3 Bd6 47.Kg1 Kd4 48.Rb3
Ke5 1/2-1/2

[Event "41st World U20 ch"]
[Site "Panaji IND"]
[Date "2002.12.12"]
[Round "6.7"]
[White "Harikrishna, Pentala"]
[Black "Neelotpal, Das"]
[Result "1-0"]
[WhiteElo "2551"]
[BlackElo "2374"]
[EventDate "2002.12.09"]
[PlyCount "95"]

1.d4 d5 2.c4 c6 3.Nf3 Nf6 4.e3 Bg4 5.h3 Bxf3 6.Qxf3 e6 7.Nc3 Nbd7 8.Bd3 
Bb4 9.O-O O-O 10.a3 Ba5 11.b4 Bc7 12.Bb2 Qe7 13.Rac1 dxc4 14.Bxc4 e5 15.
Ne4 exd4 16.Nxf6+ Nxf6 17.Bxd4 Be5 18.Rfd1 Bxd4 19.Rxd4 a5 20.Rcd1 axb4 
21.axb4 Rfd8 22.Qf4 g6 23.g4 Rxd4 24.Rxd4 Rd8 25.Rxd8+ Qxd8 26.b5 cxb5 27.
Bxb5 h5 28.g5 Ne4 29.h4 Qd1+ 30.Kh2 Qd6 31.Qxd6 Nxd6 32.Bd3 b5 33.Kg3 b4 
34.Kf3 f6 35.Bxg6 fxg5 36.hxg5 b3 37.Kg3 Nc4 38.Kh4 Nb2 39.Be4 Nd1 40.Bd5+
Kg7 41.Bxb3 Nxf2 42.Kxh5 Ne4 43.Kg4 Nc5 44.Bc2 Nb7 45.e4 Kf7 46.e5 Nd8 47.
Bb3+ Kg6 48.Bd5 1-0

[Event "41st World U20 ch"]
[Site "Panaji IND"]
[Date "2002.12.12"]
[Round "6.8"]
[White "Ganguly, Surya Shekhar"]
[Black "Kristjansson, Stefan"]
[Result "1/2-1/2"]
[WhiteElo "2531"]
[BlackElo "2431"]
[EventDate "2002.12.09"]
[PlyCount "66"]

1.e4 e6 2.d4 d5 3.Nd2 Be7 4.Bd3 c5 5.dxc5 Nf6 6.Qe2 Nc6 7.Ngf3 a5 8.O-O 
O-O 9.c3 Nd7 10.exd5 exd5 11.Bc2 Nxc5 12.Nb3 Re8 13.Nxc5 Bxc5 14.Qd3 g6 
15.Bg5 Qb6 16.Bb3 d4 17.Bf6 Bf5 18.Qd2 a4 19.Bd5 Ne7 20.Bxe7 Rxe7 21.cxd4 
Bb4 22.Qh6 Qf6 23.a3 Ba5 24.b4 axb3 25.Bxb3 Bc3 26.Rac1 Bxd4 27.Nxd4 Qxd4 
28.Rfe1 Rxe1+ 29.Rxe1 Qc3 30.Qe3 Qxe3 31.Rxe3 Kf8 32.Bd5 Rd8 33.Bf3 b6 
1/2-1/2